| 000 | 00793nam a2200229Ia 4500 | ||
|---|---|---|---|
| 005 | 20250622124036.0 | ||
| 008 | 250617s9999||||xx |||||||||||||| ||ara|| | ||
| 017 |
_a2022/3040 _bمصر. دار الكتب |
||
| 020 | _a9789778062946 | ||
| 082 | 0 | 4 |
_a"210,922" _bر و |
| 100 | 0 | _aرولا خرسا | |
| 245 | 1 | 0 |
_aوألقيت عليك محبة منى : _bأثر العائلة فى حياة الأنبياء / _cرولا خرسا |
| 250 | _aط1 | ||
| 260 | 3 |
_aالقاهرة : _b"دون للنشر والتوزيع،" _c2022. |
|
| 300 |
_a270ص ؛ _b _c20سم. |
||
| 650 | _aالأخلاق الإسلامية | ||
| 650 | _aالآداب الإسلامية | ||
| 650 | _aالسيرة النبوية | ||
| 650 | _aقصص القرآن | ||
| 942 | _cBK | ||
| 999 |
_c67660 _d67660 |
||